000 00396nam a22001337a 4500
082 _aBICSE-6 SYE
100 _aSyeda Madiha Qamar
_992622
245 _aLocalization and Mapping in Autonomous Mobile Robots
260 _aIslamabad
_bNUST SEECS
_c2013
300 _a37p.:
500 _asupervisior:Dr. Yasar Ayaz
856 _uhttp://10.250.8.41:8080/xmlui/handle/123456789/11058
942 _cPR
_2ddc
999 _c12810
_d12810